LEADER 01257nam a2200253 i 4500 001 000000219193 003 CaOOAMICUS 005 20130313000000.0 008 130313s1993 xx u000 u eng u 013 $a198090 020 $a0-14-023250-8 040 $aSeMil$bita 100 1 $aEisenman, Robert H.$0(OLS)http://semarc/name/20157 245 14$aThe dead sea scrolls uncovered :$bthe first complete traslation and interpretation of 50 key documents withheldfor over 35 years /$cRobert H. Eisenman and Michael Wise. 260 $aLondon [etc.] :$bPenguin Books,$c1993. 300 $ax, 286 p., [8] p. di tav. :$bill. ;$c22 cm. 650 4$aRotuli del Mar Morto .$0(OLS)http://semarc/subject/1827 700 1 $aWise, Michael.$0(OLS)http://semarc/name/20158 850 $aSeMil 852 $aSeMil$W1$xVenegono$y1$m2W III 115$j169558$B169558$CSeMilBibl$Z2$F180559 $81 961 $aOmaggio: Tremolada don Pierantonio 996 $6020$a0-14-023250-8$9(OLS)http://semarc/number/217218 996 $6245$aThe dead sea scrolls uncovered :$bthe first complete traslation and interpretation of 50 key documents withheldfor over 35 years$9(OLS)http://semarc/title/314502 996 $6260$aLondon [etc.] :$bPenguin Books$9(OLS)http://semarc/publisher/52641 LEADER 01115nam a2200229 i 4500 001 000000048729 003 CaOOAMICUS 005 20120521000000.0 008 120521s1912 xx u000 u lat u 013 $a19899 040 $aSeMil$bita 100 1 $aTanquerey, Adolphe <1854-1932>.$0(OLS)http://semarc/name/1461 245 10$aBrevior Synopsis :$btheologiae moralis et pastoralis /$cauctoribus A. Tanquerey et E.-M. Quévastre. 260 $aTornaci ; Romae :$bTypis Societatis S. Joannis Evangelistae Desclée, Lefebvre et soc.,$c1912. 300 $aXVI, 606 p. ;$c19 cm. 650 4$aTeologia morale.$0(OLS)http://semarc/subject/91 650 4$aTeologia pastorale.$0(OLS)http://semarc/subject/721 700 1 $aQuevastre, Eugène.$0(OLS)http://semarc/name/23843 850 $aSeMil 852 $aSeMil$W1$xVenegono$y1$m2E I 104$j14884$B14884$CSeMilBibl$Z2$F14884 $81 996 $6245$aBrevior Synopsis :$btheologiae moralis et pastoralis$9(OLS)http://semarc/title/73782 996 $6260$aTornaci ; Romae :$bTypis Societatis S. Joannis Evangelistae Desclée, Lefebvre et soc.$9(OLS)http://semarc/publisher/38156